01165 a2200217 4500003000500000005001700005010001600022020001700038040000900055082001700064100003100081245009100112260005500203300002700258505040700285650004700692650003700739942002600776999001900802952012600821Nust20221219090015.0 a 93020910 a0201608707 : cNust00a303.4833,RHE1 aRheingold, Howard.910514614aThe virtual community :bhomesteading on the electronic frontier / cHoward Rheingold. aReading, Mass. :bAddison-Wesley Pub. Co.,cc1993. aviii, 325 p. ;c24 cm. aIntroduction (Page-1), The Heart in Cyberspace: How the Computerized (Page-38), Visionaries and Convergences (Page-65), Grassroots Group minds (Page-110), Multi-User Dungeons and Alternate Identities (Page-176), Japan and The Net (Page-197), Telematique and Messageries Rose: A Tale of Two Virtual Communites (Page-220), Electronic Frontiers and Online Activists (Page-241), Disinformocracy (Page-276). 0aComputer networksxSocial aspects.9105147 0aInternetxSocial aspects.912464 2ddccBKk303.4833,RHE c184790d184790 00102ddc4070aMCSbMCScGENd2016-12-12o303.4833,RHEpMCS26669r2016-12-08w2016-12-12yBKzAlmirah No.49, Shelf No.2